La Sanitat a Catalunya : anàlisi i propostes del Departament de Sanitat i Assistència Social anàlisi i propostes del Departament de Sanitat i Assistència Social
Descripción Física:
321 p. : amb maps., [4] f., 10 maps. pleg. col.
Materias:
Salut pública -- Catalunya
MARC
| LEADER | 00000nam a2200000Ia 4500 | ||
|---|---|---|---|
| 001 | 1160 | ||
| 008 | 160829s1980 xx 000 0 cat d | ||
| 080 | |a C-2-44 | ||
| 110 | 1 | |a Catalunya. |b Departament de Sanitat i Assistència Social |9 56410 | |
| 245 | |a La Sanitat a Catalunya : |b anàlisi i propostes del Departament de Sanitat i Assistència Social | ||
| 260 | |a Barcelona : |b Servei Central de Publicacions, Departament de la Presidència, |c 1980 | ||
| 300 | |a 321 p. : |b amb maps., [4] f., 10 maps. pleg. col. | ||
| 650 | 0 | |a Salut pública |z Catalunya |9 19129 | |
| 901 | |a Arxiu | ||
| 942 | |n 1 | ||
| 952 | |0 0 |1 0 |4 0 |6 C244 |7 1 |9 41447 |a Arxiu |b Arxiu |d 2016-12-01 |l 0 |o C-2-44 |p 1160 |r 2016-12-01 00:00:00 |w 2016-12-01 |y ARXIU | ||
| 999 | |c 43254 |d 43254 | ||